000 00599cam a2200205 4500500
005 20260405001634.0
041 _afre
042 _adc
100 1 0 _aDagognet, François
_eauthor
245 0 0 _aDe la fumisterie intellectuelle
260 _c2013.
500 _a18
690 _aAthéisme
690 _aPamphlet
690 _aPréjugés
690 _aReligions
690 _aSuperstitions
786 0 _nPhilosophie magazine | 74 | 11 | 2013-11-01 | p. 50-50 | 1951-1787
856 4 1 _uhttps://shs.cairn.info/magazine-philosophie-magazine-2013-11-page-50?lang=fr&redirect-ssocas=7080
999 _c2049545
_d2049545